000 00625nam a2200217Ii 4500
001 4942
003 CO-ViMGA
008 241108s9999||||xx |||||||||||||| ||und||
020 _a9586480240
040 _aCO-ViMGA
_bspa
_erda
_cCO-ViMGA
041 0 _aunk
082 0 4 _a658.8 C421p
100 1 _aAlberto Céspedes Sáenz
_953301
245 1 0 _aPrincipios de mercadeo
264 1 _a[Lugar de publicación no identificado] : Ecoe, 1992
300 _avolumen
336 _atext
_btxt
_2rdacontent
337 _aunmediated
_bn
_2rdamedia
338 _avolume
_bnc
_2rdacarrier
940 _aidficha_siabuc: 4814. -- ficha_no_siabuc:4942
999 _c49877
_d49877